| 000 | 00781nam a2200217Ia 4500 | ||
|---|---|---|---|
| 005 | 20241129105934.0 | ||
| 008 | 241129s9999||||xx |||||||||||||| ||und|| | ||
| 020 | _a978-93-5518-168-8 | ||
| 037 | _aTB | ||
| 040 |
_aARTS _bhin _cARTS |
||
| 041 |
_ahin _2hin |
||
| 084 |
_aO152,3:g R2 _qARTS |
||
| 100 | _aपालीवाल, सूरज, ले. | ||
| 245 | 0 |
_aइक्कीसवीं सदी का दूसरा दशक और हिन्दी उपन्यास _cपालीवाल, सूरज, ले. |
|
| 260 |
_aनई दिल्ली, भारत _bवाणी प्रकाशन _c2023 |
||
| 300 | _a283पृ0 | ||
| 365 |
_aINR _b495 |
||
| 650 | _aHindi Fiction | ||
| 942 |
_cTB _hO152,3:g R2 |
||
| 999 |
_c1226674 _d1226674 |
||